| 000 | 00641nam a2200205Ia 4500 | ||
|---|---|---|---|
| 003 | IN-BaIIA | ||
| 008 | 211028s9999 xx 000 0 eng d | ||
| 020 | _a0-471-86776-4 | ||
| 040 | _cIIA Library | ||
| 080 |
_a535.64 _bNAS |
||
| 100 |
_aNassau, Kurt _913311 |
||
| 245 | 4 |
_aThe physics and chemistry of color _bthe fifteen causes of color _cKurt Nassau |
|
| 260 |
_aNew York _bJohn Wiley & Sons _c1983 |
||
| 300 | _axx, 454p. | ||
| 490 | _aWiley series in pure and applied optics | ||
| 650 |
_aColour vision _913312 |
||
| 650 | _aNASA thesaurus | ||
| 650 | _aPhysical optics | ||
| 942 | _cBK | ||
| 999 |
_c7893 _d7893 |
||